Hacia un marco conceptual de la reforma agraria
Sábháilte in:
| Príomhchruthaitheoir: | |
|---|---|
| Formáid: | Téacs |
| Foilsithe / Cruthaithe: |
s.l.e :
|
| Clibeanna: |
Cuir clib leis
Níl clibeanna ann, Bí ar an gcéad duine le clib a chur leis an taifead seo!
|
MARC
| LEADER | 00000 a a2200000 04500 | ||
|---|---|---|---|
| 001 | 15662 | ||
| 003 | |||
| 040 | |||
| 090 | |a 029900 | ||
| 100 | |a Barahona Riera, Francisco | ||
| 245 | |a Hacia un marco conceptual de la reforma agraria | ||
| 260 | |a s.l.e : | ||
| 300 | |a 76 p. | ||
| 999 | |c 17518 |d 17518 | ||
